日本の村 - Statistics

General Stats
  • This quiz has been taken 324 times
  • The average score is 101 of 183
Answer Stats
都道府県 % Correct
沖縄
91%
東京 小笠原
87%
東京 檜原
86%
福岡
86%
東京 青ヶ島
85%
東京 御蔵島
81%
北海道 音威子府
79%
北海道 猿払
79%
東京 新島
79%
東京 神津島
79%
群馬 嬬恋
78%
青森 田舎館
76%
茨城 東海
76%
東京 利島
76%
北海道
74%
新潟 粟島浦
74%
青森 六ヶ所
73%
岩手 九戸
73%
富山 舟橋
73%
福島 檜枝岐
72%
東京 三宅
72%
和歌山 北山
72%
秋田 上小阿仁
71%
岐阜 白川
71%
大阪 千早赤阪
71%
奈良 十津川
71%
沖縄 読谷
71%
千葉 長生
69%
鹿児島 十島
69%
埼玉 東秩父
68%
愛知 飛島
68%
沖縄 南大東
68%
沖縄 北大東
68%
北海道 占冠
67%
奈良 下北山
67%
奈良 上北山
67%
北海道 西興部
65%
秋田 大潟
65%
鳥取 日吉津
65%
鹿児島 三島
65%
沖縄 伊江
65%
青森 佐井
64%
長野 白馬
64%
大分 姫島
64%
北海道 留寿都
63%
新潟 刈羽
63%
奈良 野迫川
63%
沖縄 恩納
63%
岩手 田野畑
62%
岩手 普代
62%
茨城 美浦
62%
神奈川 清川
62%
岐阜 東白川
62%
青森 風間浦
60%
群馬 片品
60%
愛知 豊根
60%
京都 南山城
60%
沖縄 国頭
60%
北海道 初山別
59%
青森 東通
59%
岩手 野田
59%
山梨 山中湖
59%
島根 知夫
59%
岡山 新庄
59%
徳島 佐那河内
59%
沖縄 北中城
59%
北海道 神恵内
58%
奈良 | 長野 川上
58%
長野
58%
熊本 南阿蘇
58%
北海道 赤井川
56%
北海道 鶴居
56%
福島 | 群馬 昭和
56%
長野
56%
長野 小谷
56%
長野 野沢温泉
56%
福島 西郷
55%
山梨 丹波山
55%
長野 北相木
55%
高知 馬路
55%
高知 大川
55%
宮崎 椎葉
55%
沖縄 中城
55%
沖縄 渡嘉敷
55%
北海道 新篠津
54%
青森 蓬田
54%
青森 西目屋
54%
秋田 東成瀬
54%
山形 鮭川
54%
新潟 弥彦
54%
山梨 小菅
54%
長野 南相木
54%
長野 木祖
54%
岡山 西粟倉
54%
鹿児島 宇検
54%
沖縄 多良間
54%
北海道 中札内
53%
山梨 道志
53%
奈良 明日香
53%
奈良 天川
53%
沖縄 座間味
53%
沖縄 渡名喜
53%
北海道 島牧
51%
群馬 | 長野 南牧
51%
山梨 忍野
51%
北海道 更別
50%
宮城 大衡
50%
山形 大蔵
50%
群馬 榛東
50%
山梨 鳴沢
50%
長野 売木
50%
長野 天龍
50%
長野 王滝
50%
奈良 曽爾
50%
沖縄 伊平屋
50%
沖縄 伊是名
50%
北海道 真狩
49%
青森 新郷
49%
福島 鮫川
49%
福島 飯舘
49%
群馬 上野
49%
群馬 | 長野 高山
49%
群馬 川場
49%
長野 山形
49%
奈良 黒滝
49%
奈良 東吉野
49%
熊本 球磨
49%
鹿児島 大和
49%
沖縄 粟国
49%
長野 青木
47%
奈良 御杖
47%
高知 三原
47%
沖縄 今帰仁
47%
沖縄 宜野座
47%
福島 北塩原
46%
長野 阿智
46%
長野 朝日
46%
福岡 東峰
46%
熊本 西原
46%
新潟 関川
45%
高知 北川
45%
高知 日高
45%
山形 戸沢
44%
福島 湯川
44%
福島 玉川
44%
長野 南箕輪
44%
長野 大鹿
44%
長野 松川
44%
福島 大玉
42%
長野 平谷
42%
長野 麻績
42%
長野 小川
42%
熊本 五木
42%
福島 天栄
41%
長野 根羽
41%
奈良 山添
41%
長野 泰阜
40%
長野 大桑
40%
熊本 産山
40%
宮崎 西米良
40%
福島 川内
38%
沖縄 大宜味
38%
福島 葛尾
37%
長野 中川
37%
長野 喬木
37%
高知 芸西
37%
福島 泉崎
36%
福島 中島
36%
長野 生坂
36%
長野 筑北
36%
熊本 水上
36%
宮崎 諸塚
36%
長野 木島平
35%
福島 平田
33%
長野 宮田
33%
長野 下條
31%
熊本 相良
31%
熊本 山江
31%
長野 豊丘
27%
No matching quizzes found
Score Distribution
Percent of People with Each Score
Percentile by Number Answered
Your Score History
You have not taken this quiz